[Event "CZE-ch U16"]
[Site "Kouty nad Desnou"]
[Date "2017.03.13"]
[Round "4"]
[White "Chlebek, Jan"]
[Black "Zitny, Michal"]
[Result "0-1"]
[WhiteElo "1789"]
[BlackElo "1761"]
[PlyCount "82"]
[EventDate "2017.03.11"]
[EventType "swiss"]
[EventRounds "9"]
[EventCountry "CZE"]
[SourceTitle "CBM 177 Extra"]
[Source "ChessBase"]
[SourceDate "2017.04.27"]
[SourceVersion "1"]
[SourceVersionDate "2017.04.27"]
[SourceQuality "1"]

1. e4 c6 2. d4 d5 3. e5 Bf5 4. g4 Bg6 5. Bd3 e6 6. Ne2 Nd7 7. Ng3 Bxd3 8. Qxd3 c5 9. c3 Rc8 10. Bd2 Qb6 11. b3 Ne7 12. f4 cxd4 13. Qxd4 Qa6 14. c4 Nc6 15. Qe3 dxc4 16. bxc4 Qxc4 17. Nc3 Nd4 18. Rc1 Be7 19. Nge2 Qc6 20. Rf1 Nxe2 21. Nxe2 Bc5 22. Qf3 0-0 23. Nd4 Qb6 24. Nb3 Bb4 25. Rxc8 Bxd2+ 26. Kxd2 Rxc8 27. Qe4 Rd8 28. Ke2 Qa6+ 29. Ke1 Qxa2 30. Qd3 Qxh2 31. g5 Qg2 32. Rf3 Qg1+ 33. Rf1 Qb6 34. Qc3 Nb8 35. Rf2 Nc6 36. Kf1 g6 37. Kg2 Qb5 38. Nc5 Rd5 39. Ne4 Rd3 40. Nf6+ Kg7 41. Qc1 Qb3 0-1

[Event "CZE-ch U14"]
[Site "Kouty nad Desnou"]
[Date "2015.03.14"]
[Round "9"]
[White "Filip, Tomas"]
[Black "Chlebek, Jan"]
[Result "0-1"]
[WhiteElo "1710"]
[BlackElo "1573"]
[PlyCount "82"]
[EventDate "2015.03.07"]
[EventType "swiss"]
[EventRounds "9"]
[EventCountry "CZE"]
[SourceTitle "EXT 2017"]
[Source "ChessBase"]
[SourceDate "2016.10.25"]
[SourceVersion "1"]
[SourceVersionDate "2016.10.25"]
[SourceQuality "1"]

1. e4 e5 2. Nf3 Nc6 3. Bb5 Nge7 4. 0-0 g6 5. c3 Bg7 6. Re1 0-0 7. d4 exd4 8. cxd4 d5 9. e5 Bg4 10. Be3 f6 11. exf6 Bxf6 12. Na3 Bxf3 13. gxf3 Nf5 14. Nc2 Nh4 15. Be2 Bg5 16. Kh1 Nf5 17. Rg1 Bxe3 18. fxe3 Qe7 19. Qd2 Rae8 20. Rae1 Qf7 21. e4 dxe4 22. fxe4 Nh4 23. Ref1 Qe6 24. Bd3 Qh3 25. Rxf8+ Rxf8 26. Rg3 Rf1+ 27. Bxf1 Qxf1+ 28. Rg1 Qf3+ 29. Rg2 Nxg2 30. Qxg2 Qd1+ 31. Qg1 Qxc2 32. Qg4 Qc1+ 33. Kg2 Qxb2+ 34. Kh3 Qc3+ 35. Kh4 Qe1+ 36. Kg5 Qd2+ 37. Kh4 Qxd4 38. Qe6+ Kg7 39. Kg4 h5+ 40. Kh3 Qe3+ 41. Kg2 Qe2+ 0-1

[Event "Ostrava Konik op"]
[Site "Ostrava"]
[Date "2014.05.02"]
[Round "7"]
[White "Chlebek, Jan"]
[Black "Klimes, Jan"]
[Result "1-0"]
[WhiteElo "1543"]
[BlackElo "1763"]
[PlyCount "71"]
[EventDate "2014.04.26"]
[EventType "swiss"]
[EventRounds "9"]
[EventCountry "CZE"]
[SourceTitle "CBM 160 Extra"]
[Source "ChessBase"]
[SourceDate "2014.07.01"]
[SourceVersion "1"]
[SourceVersionDate "2014.07.01"]
[SourceQuality "1"]

1. e4 c5 2. Nf3 Nc6 3. d4 cxd4 4. Nxd4 d6 5. Nc3 g6 6. Be3 Bg7 7. Bc4 Nf6 8. f3 Bd7 9. Qd2 a6 10. h4 Na5 11. Bb3 Nxb3 12. Nxb3 Qc7 13. h5 0-0-0 14. h6 Bf8 15. g4 Bc6 16. Nd4 e5 17. Nxc6 Qxc6 18. g5 Nd7 19. Nd5 Kb8 20. Bf2 Rc8 21. Qe3 Qc5 22. Qb3 Qb5 23. Qe3 Qc5 24. Qb3 Qb5 25. Qxb5 axb5 26. b4 Rxc2 27. 0-0 f6 28. Be3 fxg5 29. Bxg5 Rc6 30. Rac1 Rg8 31. Kf2 Ka7 32. Ke2 Nb8 33. Be3+ b6 34. a4 Rxc1 35. Rxc1 bxa4 36. b5 1-0

[Event "CZE-ch U12"]
[Site "Kouty nad Desnou"]
[Date "2013.03.12"]
[Round "5"]
[White "Chlebek, Jan"]
[Black "Jurasek, Vojtech"]
[Result "0-1"]
[WhiteElo "1550"]
[BlackElo "1414"]
[PlyCount "70"]
[EventDate "2013.03.09"]
[EventType "swiss"]
[EventRounds "9"]
[EventCountry "CZE"]
[SourceTitle "EXT 2015"]
[Source "ChessBase"]
[SourceDate "2014.11.20"]
[SourceVersion "1"]
[SourceVersionDate "2014.11.20"]
[SourceQuality "1"]

1. e4 c6 2. d4 d5 3. Nc3 dxe4 4. Nxe4 Bf5 5. Ng3 Bg6 6. Nh3 h6 7. Nf4 Bh7 8. c3 e6 9. Bd3 Bxd3 10. Nxd3 Nf6 11. Bf4 Bd6 12. Ne5 Qc7 13. Qe2 Nd5 14. Bd2 Bxe5 15. dxe5 Nd7 16. c4 Ne7 17. f4 0-0-0 18. 0-0 g6 19. Rfd1 Nf5 20. Nxf5 gxf5 21. Bb4 Qb6+ 22. Kh1 Qxb4 23. a3 Qb6 24. b4 c5 25. Qf3 Qc6 26. Qb3 Rhg8 27. Qb2 Nb6 28. Rdc1 Rd4 29. bxc5 Qxc5 30. Rab1 Rgd8 31. a4 Rd2 32. Qb3 R8d3 33. Rc3 Rxc3 34. Qxc3 Qd4 35. Qf3 Qd3 0-1

[Event "EU-ch U12"]
[Site "Prague"]
[Date "2012.08.17"]
[Round "1"]
[White "Chlebek, Jan"]
[Black "Konaplev, Anton"]
[Result "1-0"]
[WhiteElo "1557"]
[BlackElo "1887"]
[PlyCount "65"]
[EventDate "2012.08.17"]
[EventType "swiss"]
[EventRounds "9"]
[EventCountry "CZE"]
[SourceTitle "CBM 150 Extra"]
[Source "ChessBase"]
[SourceDate "2012.10.19"]
[SourceVersion "1"]
[SourceVersionDate "2012.10.19"]
[SourceQuality "1"]

1. e4 c5 2. Nf3 e6 3. d4 cxd4 4. Nxd4 Nc6 5. Be2 Qc7 6. Nb5 Qb8 7. f4 a6 8. N5c3 Qa7 9. Rf1 b5 10. e5 Nd4 11. Ne4 Bb7 12. Qd3 Be7 13. c3 Nxe2 14. Kxe2 Bd5 15. Be3 Qb7 16. Nbd2 Nh6 17. h3 Nf5 18. Bg1 Bc4 19. Nxc4 bxc4 20. Qc2 d5 21. exd6 Nxd6 22. Nxd6+ Bxd6 23. Rf3 Rb8 24. b3 0-0 25. Bd4 Qd5 26. b4 e5 27. fxe5 Rbe8 28. Kf1 Bxe5 29. Bc5 f6 30. Bxf8 Rxf8 31. Rd1 Qe6 32. Re3 Re8 33. Qe4 1-0

[Event "CZE-ch U12"]
[Site "Kouty nad Desnou"]
[Date "2012.03.17"]
[Round "9"]
[White "Pulpan, Matej"]
[Black "Chlebek, Jan"]
[Result "0-1"]
[WhiteElo "1766"]
[BlackElo "1545"]
[PlyCount "30"]
[EventDate "2012.03.10"]
[EventType "swiss"]
[EventRounds "9"]
[EventCountry "CZE"]
[SourceTitle "EXT 2013"]
[Source "ChessBase"]
[SourceDate "2012.11.22"]
[SourceVersion "1"]
[SourceVersionDate "2012.11.22"]
[SourceQuality "1"]

1. e4 c5 2. Nf3 d6 3. d4 cxd4 4. Nxd4 Nf6 5. Nc3 g6 6. Be3 Bg7 7. Bc4 0-0 8. f3 Nc6 9. Qd2 Nd7 10. 0-0-0 Nb6 11. Bb3 Na5 12. Bh6 Nbc4 13. Bxc4 Nxc4 14. Qg5 e5 15. Nb3 Bf6 0-1

[Event "CZE-ch U12"]
[Site "Kouty nad Desnou"]
[Date "2012.03.14"]
[Round "6"]
[White "Slovak, Kilian"]
[Black "Chlebek, Jan"]
[Result "0-1"]
[WhiteElo "1552"]
[BlackElo "1545"]
[PlyCount "58"]
[EventDate "2012.03.10"]
[EventType "swiss"]
[EventRounds "9"]
[EventCountry "CZE"]
[SourceTitle "EXT 2013"]
[Source "ChessBase"]
[SourceDate "2012.11.22"]
[SourceVersion "1"]
[SourceVersionDate "2012.11.22"]
[SourceQuality "1"]

1. e4 c5 2. Nf3 d6 3. d4 cxd4 4. Nxd4 Nf6 5. Nc3 g6 6. Be3 Ng4 7. Qd2 Nxe3 8. Qxe3 Bg7 9. 0-0-0 0-0 10. Bc4 Nc6 11. Nce2 Bd7 12. c3 a6 13. Kb1 b5 14. Bd5 Rc8 15. Nxc6 Bxc6 16. Bxc6 Rxc6 17. Nd4 Rc4 18. Rd3 Qc7 19. Rc1 Re8 20. f3 b4 21. Ne2 a5 22. b3 Rc5 23. c4 a4 24. Rd5 axb3 25. axb3 Qa7 26. Rxc5 dxc5 27. Qd3 Qa5 28. Kc2 Rd8 29. Ra1 Bxa1 0-1

[Event "CZE-ch U12"]
[Site "Kouty nad Desnou"]
[Date "2012.03.11"]
[Round "2"]
[White "Miesbauer, Jan"]
[Black "Chlebek, Jan"]
[Result "1/2-1/2"]
[WhiteElo "1523"]
[BlackElo "1545"]
[PlyCount "118"]
[EventDate "2012.03.10"]
[EventType "swiss"]
[EventRounds "9"]
[EventCountry "CZE"]
[SourceTitle "EXT 2013"]
[Source "ChessBase"]
[SourceDate "2012.11.22"]
[SourceVersion "1"]
[SourceVersionDate "2012.11.22"]
[SourceQuality "1"]

1. e4 c5 2. Nc3 d6 3. f4 Nc6 4. Nf3 g6 5. Bb5 Bd7 6. 0-0 Bg7 7. d3 e6 8. Kh1 Nge7 9. Qe1 0-0 10. a4 Rc8 11. Bd2 Nd4 12. Bxd7 Qxd7 13. Qd1 Nec6 14. Nxd4 Nxd4 15. Nb1 Rc7 16. c3 Nc6 17. Rf3 Kh8 18. Rh3 f5 19. Na3 fxe4 20. dxe4 e5 21. Nb5 Rcc8 22. fxe5 a6 23. Na3 Nxe5 24. Qe2 Rf7 25. Nc4 Nxc4 26. Qxc4 Rcf8 27. Kg1 Qg4 28. Rg3 Qh4 29. Bg5 Qh5 30. Be3 Be5 31. Rh3 Qg4 32. Re1 Bf4 33. Bxf4 Rxf4 34. b4 b5 35. axb5 axb5 36. Qxb5 Rxe4 37. Rxh7+ Kxh7 38. Qb7+ Kh6 39. Qxe4 Rf4 40. Qe3 cxb4 41. g3 g5 42. Qe6+ Kg7 43. Qxg4 Rxg4 44. cxb4 Rxb4 45. Rd1 Rb6 46. Kf2 Kf6 47. Ke2 Ke5 48. h4 gxh4 49. gxh4 Rb4 50. Rh1 Rb3 51. Kd2 Kd4 52. h5 Rb2+ 53. Kc1 Rb7 54. h6 Rh7 55. Kd2 Kd5 56. Kd3 Kc5 57. Rh5+ d5 58. Kc3 Kd6 59. Kd4 Ke6 1/2-1/2

[Event "CZE-ch U12"]
[Site "Kouty nad Desnou"]
[Date "2012.03.10"]
[Round "1"]
[White "Chlebek, Jan"]
[Black "Anaskin, Arsenij"]
[Result "0-1"]
[WhiteElo "1545"]
[BlackElo "1873"]
[PlyCount "56"]
[EventDate "2012.03.10"]
[EventType "swiss"]
[EventRounds "9"]
[EventCountry "CZE"]
[SourceTitle "EXT 2013"]
[Source "ChessBase"]
[SourceDate "2012.11.22"]
[SourceVersion "1"]
[SourceVersionDate "2012.11.22"]
[SourceQuality "1"]

1. e4 e5 2. Nf3 Nc6 3. d4 exd4 4. Bc4 Nf6 5. e5 d5 6. Bb5 Ne4 7. 0-0 Bc5 8. Nxd4 Bd7 9. e6 fxe6 10. Bxc6 bxc6 11. Qh5+ Kf8 12. Be3 Qf6 13. c3 Bb6 14. Nf3 Rb8 15. Ne5 Be8 16. Qf3 Ke7 17. Bd4 Bxd4 18. cxd4 Qxf3 19. gxf3 Ng5 20. b3 Rf8 21. Nd2 Rf4 22. Rac1 Kd6 23. Rfd1 Nf7 24. Nxf7+ Bxf7 25. Rc3 Rb4 26. Rcc1 Bh5 27. Kg2 Rbxd4 28. Rc2 Bxf3+ 0-1

[Event "CZE-ch U10"]
[Site "Kouty nad Desnou"]
[Date "2011.03.17"]
[Round "7"]
[White "Chwistek, Karel"]
[Black "Chlebek, Jan"]
[Result "1-0"]
[WhiteElo "1496"]
[BlackElo "1519"]
[PlyCount "63"]
[EventDate "2011.03.12"]
[EventType "swiss"]
[EventRounds "9"]
[EventCountry "CZE"]
[SourceTitle "EXT 2014"]
[Source "ChessBase"]
[SourceDate "2013.11.20"]
[SourceVersion "1"]
[SourceVersionDate "2013.11.20"]
[SourceQuality "1"]

1. e4 c5 2. Nf3 d6 3. d4 cxd4 4. Nxd4 Nf6 5. Nc3 g6 6. Be3 Bg7 7. f3 0-0 8. Qd2 Nc6 9. 0-0-0 Nxd4 10. Bxd4 Be6 11. g4 Qa5 12. a3 Rfc8 13. h4 a6 14. h5 b5 15. hxg6 fxg6 16. g5 Nh5 17. Bxg7 Kxg7 18. Bh3 Bxh3 19. Rxh3 b4 20. Nd5 Rab8 21. Nxb4 Qb5 22. Qd4+ Kf8 23. Qh8+ Kf7 24. Qd4 Qxg5+ 25. Kb1 e6 26. Qxd6 a5 27. Qd7+ Kf8 28. Nc6 Qf6 29. Nxb8 Rxb8 30. Qd6+ Qe7 31. Qxb8+ Qe8 32. Rd8 1-0

[Event "CZE-ch U10"]
[Site "Kouty nad Desnou"]
[Date "2011.03.15"]
[Round "5"]
[White "Miesbauer, Jan"]
[Black "Chlebek, Jan"]
[Result "0-1"]
[WhiteElo "1000"]
[BlackElo "1519"]
[PlyCount "64"]
[EventDate "2011.03.12"]
[EventType "swiss"]
[EventRounds "9"]
[EventCountry "CZE"]
[SourceTitle "EXT 2014"]
[Source "ChessBase"]
[SourceDate "2013.11.20"]
[SourceVersion "1"]
[SourceVersionDate "2013.11.20"]
[SourceQuality "1"]

1. e4 c5 2. Nc3 e6 3. f4 a6 4. Nf3 Qc7 5. d4 b5 6. Be3 b4 7. Ne2 Nf6 8. e5 Nd5 9. Qd2 Bb7 10. dxc5 Bxc5 11. Bxc5 Qxc5 12. Ned4 Nc6 13. Nxc6 Bxc6 14. Nd4 0-0 15. Nxc6 Qxc6 16. Bd3 f5 17. Rg1 Qc5 18. 0-0-0 Rfc8 19. Bxf5 Ne3 20. Qd4 Nxd1 21. Bxe6+ dxe6 22. Qxc5 Rxc5 23. Rxd1 Rac8 24. Rd2 Rc4 25. g3 a5 26. b3 R4c6 27. Kb2 Kf7 28. h4 Kg6 29. g4 h5 30. gxh5+ Kxh5 31. Rh2 Kg4 32. h5 Kxf4 0-1

[Event "CZE-ch U10"]
[Site "Kouty nad Desnou"]
[Date "2011.03.14"]
[Round "3"]
[White "Chlebek, Jan"]
[Black "Nguyen, Thai Dai Van"]
[Result "0-1"]
[WhiteElo "1519"]
[BlackElo "1753"]
[PlyCount "75"]
[EventDate "2011.03.12"]
[EventType "swiss"]
[EventRounds "9"]
[EventCountry "CZE"]
[SourceTitle "EXT 2014"]
[Source "ChessBase"]
[SourceDate "2013.11.20"]
[SourceVersion "1"]
[SourceVersionDate "2013.11.20"]
[SourceQuality "1"]

1. e4 c5 2. Nf3 d6 3. d4 cxd4 4. Nxd4 Nf6 5. Nc3 Nc6 6. Be3 e5 7. Nb3 h6 8. f3 Be6 9. Nd5 Bxd5 10. exd5 Nb8 11. Qd2 Be7 12. Bb5+ Nbd7 13. 0-0 a6 14. Bxd7+ Qxd7 15. Rad1 0-0 16. Qb4 Rac8 17. Rf2 b5 18. Na5 Bd8 19. Nb3 Rc4 20. Qd2 Qb7 21. f4 Ne4 22. Qc1 Nxf2 23. Kxf2 Bb6 24. fxe5 Bxe3+ 25. Qxe3 Rxc2+ 26. Kf1 dxe5 27. Qxe5 Qd7 28. d6 Re8 29. Qd5 Ree2 30. Nd2 Re8 31. Qd3 Rc6 32. Ne4 Qf5+ 33. Kg1 Qe6 34. Qf3 f5 35. d7 Rd8 36. Nc3 Rxd7 37. Rxd7 Qxd7 38. Qf2 0-1

[Event "CZE-ch U10"]
[Site "Kouty nad Desnou"]
[Date "2010.03.12"]
[Round "8"]
[White "Chlebek, Jan"]
[Black "Wagner, Vojtech"]
[Result "0-1"]
[WhiteElo "1100"]
[BlackElo "1409"]
[PlyCount "108"]
[EventDate "2010.03.06"]
[EventType "swiss"]
[EventRounds "9"]
[EventCountry "CZE"]
[SourceTitle "EXT 2012"]
[Source "ChessBase"]
[SourceDate "2011.11.24"]
[SourceVersion "1"]
[SourceVersionDate "2011.11.24"]
[SourceQuality "1"]

1. d4 Nf6 2. Bg5 g6 3. Bxf6 exf6 4. e4 Bg7 5. Nc3 0-0 6. Nf3 Re8 7. Be2 Nc6 8. 0-0 d6 9. Bd3 Bg4 10. Ne2 Bxf3 11. gxf3 d5 12. c3 g5 13. f4 dxe4 14. Bc2 f5 15. Qd2 g4 16. Ng3 Qd7 17. Ba4 Bh6 18. Rad1 Qd5 19. Bxc6 bxc6 20. c4 Qxc4 21. Nxf5 Bf8 22. Rc1 Qd5 23. Ne3 Qd7 24. Kh1 Kh8 25. Qc3 Bg7 26. Qxc6 Qxc6 27. Rxc6 Bxd4 28. Rxc7 Bxe3 29. fxe3 f5 30. Rd1 Red8 31. Rxd8+ Rxd8 32. Rxa7 Rd1+ 33. Kg2 Rd2+ 34. Kg1 Rxb2 35. a4 Re2 36. Ra5 Rxe3 37. Rxf5 Ra3 38. a5 e3 39. Kf1 Ra2 40. Re5 Rxh2 41. Rxe3 Ra2 42. Rg3 h5 43. Rg2 Rxa5 44. Rh2 Kg7 45. Kf2 Ra2+ 46. Kg3 Rxh2 47. Kxh2 Kf6 48. Kg3 Kf5 49. Kh4 Kxf4 50. Kxh5 g3 51. Kh4 g2 52. Kh5 g1Q 53. Kh6 Qg8 54. Kh5 Qh7# 0-1